[Event "7th HD Bank Cup 2017"]
[Site "Ho Chi Minh City VIE"]
[Date "2017.03.12"]
[Round "2.43"]
[White "Nishant, Malhotra"]
[Black "Andyka, Pitra"]
[Result "1/2-1/2"]
[BlackTitle "FM"]
[WhiteElo "2198"]
[BlackElo "2390"]
[WhiteFideId "5099129"]
[BlackFideId "7103255"]
[EventDate "2017.03.12"]

1. d4 Nf6 2. c4 g6 3. Nc3 Bg7 4. e4 O-O 5. f3 d6 6. Be3 b6 7. Bd3 Nbd7 8. Nge2
c5 9. Qd2 Ba6 10. b3 e6 11. O-O Rc8 12. Rac1 Re8 13. d5 exd5 14. exd5 Ne5 15.
Bb1 Bxc4 16. Bg5 Bxe2 17. Nxe2 Qc7 18. h3 Ned7 19. Nc3 Qb7 20. Bf4 Ne5 21. Bh2
b5 22. f4 Ned7 23. Rcd1 b4 24. Na4 Ne4 25. Qd3 Bd4+ 26. Kh1 f5 27. Bg1 Qxd5 28.
Bxd4 cxd4 29. Kh2 Ndc5 30. Qxd4 Qxd4 31. Rxd4 Nxa4 32. bxa4 a5 33. Bxe4 fxe4 34.
Rxd6 Rcd8 35. Ra6 e3 36. Re1 Rd2 37. Rxa5 Rxa2 38. Kg3 Kf7 39. Rb5 Rb2 40. Kf3
Rf2+ 41. Kg3 Rb2 42. Kf3 e2 43. a5 b3 44. a6 Ra2 45. Rxb3 Rxa6 46. Rxe2 Rxe2 47.
Kxe2 h5 48. Kf3 Kf6 49. Kg3 Rc6 50. Rb8 Ra6 51. Rf8+ Kg7 52. Rb8 Kf6 53. Rb5 Rc6
54. Ra5 Rb6 55. Kh4 Rc6 56. Rb5 Ra6 57. Rb7 Rc6 58. g4 hxg4 59. hxg4 g5+ 60.
fxg5+ Kg6 61. Rb8 Ra6 62. Rc8 Rb6 63. Rg8+ Kf7 64. Ra8 Kg6 65. Rg8+ Kf7 66. Rh8
Kg7 67. Rc8 Kg6 68. Rc5 Ra6 69. Rb5 Ra3 70. Rb6+ Kg7 71. Rb8 Rc3 72. Rb2 Kg6 73.
Rb6+ Kg7 74. Ra6 Rb3 75. g6 Rb5 76. Rc6 Ra5 77. Rb6 Rc5 78. g5 Rc1 79. Rb7+ Kxg6
80. Rb6+ Kg7 81. Kg4 Rg1+ 82. Kf4 Rf1+ 83. Kg4 Rg1+ 84. Kf4 Rf1+ 1/2-1/2

[Event "7th HD Bank Cup 2017"]
[Site "Ho Chi Minh City VIE"]
[Date "2017.03.12"]
[Round "2.48"]
[White "Muminova, Nafisa"]
[Black "Pham, Thi Thu Hien"]
[Result "1/2-1/2"]
[WhiteTitle "WGM"]
[WhiteElo "2348"]
[BlackElo "2154"]
[WhiteFideId "14201526"]
[BlackFideId "12402575"]
[EventDate "2017.03.12"]

1. e4 c5 2. Nf3 a6 3. c3 d5 4. exd5 Qxd5 5. d4 Nf6 6. Be2 e6 7. O-O Nc6 8. Be3
cxd4 9. cxd4 Be7 10. Nc3 Qd6 11. Rc1 O-O 12. Bd3 Nb4 13. Bb1 Nbd5 14. Ne5 b5 15.
Qf3 Bb7 16. Qh3 Rfc8 17. Ne2 Rxc1 18. Bxc1 Rc8 19. Bd2 Bf8 20. Nd3 g6 21. Nc5
Ba8 22. b4 Nh5 23. Be4 Nb6 24. Qf3 Nd5 25. Qa3 Nc7 26. Qf3 Nd5 27. Qa3 Nc7 28.
Qf3 Nd5 29. Qa3 Nc7 1/2-1/2

[Event "7th HD Bank Cup 2017"]
[Site "Ho Chi Minh City VIE"]
[Date "2017.03.12"]
[Round "2.49"]
[White "Phan, Nguyen Mai Chi"]
[Black "Hesham, Abdelrahman"]
[Result "1/2-1/2"]
[WhiteTitle "WCM"]
[BlackTitle "GM"]
[WhiteElo "2115"]
[BlackElo "2336"]
[WhiteFideId "12401684"]
[BlackFideId "10600183"]
[EventDate "2017.03.12"]

1. d4 d5 2. Nf3 Nf6 3. c4 e6 4. Nc3 c5 5. cxd5 Nxd5 6. e4 Nxc3 7. bxc3 cxd4 8.
cxd4 Bb4+ 9. Bd2 Bxd2+ 10. Qxd2 O-O 11. Bc4 b6 12. O-O Bb7 13. Qf4 Nc6 14. Rfd1
Qf6 15. Qc7 Qe7 16. Qg3 Rac8 17. d5 Nb4 18. Bb3 exd5 19. exd5 Qf6 20. Qe5 Rfd8
21. Rd4 Nxd5 22. Rad1 Re8 23. Qxf6 Nxf6 24. Ng5 Rc7 25. f3 h6 26. Nxf7 Rxf7 27.
Rd7 Nxd7 28. Rxd7 Rb8 29. Rxf7 Kh8 30. Kf2 b5 31. Ke3 a5 32. Rc7 a4 33. Bf7 b4
34. Kd4 Ba6 35. Ra7 Bb5 36. Kc5 b3 37. axb3 axb3 38. Bxb3 Bf1 39. Be6 Bxg2 40.
f4 Rf8 41. Bf7 Rd8 42. Re7 Kh7 43. f5 Bh3 44. f6 Kh8 45. Re8+ 1/2-1/2

[Event "7th HD Bank Cup 2017"]
[Site "Ho Chi Minh City VIE"]
[Date "2017.03.12"]
[Round "2.50"]
[White "Chu, Wei Chao"]
[Black "Luong, Phuong Hanh"]
[Result "1/2-1/2"]
[WhiteTitle "IM"]
[WhiteElo "2328"]
[BlackElo "2148"]
[WhiteFideId "8605661"]
[BlackFideId "12401013"]
[EventDate "2017.03.12"]

1. d4 Nf6 2. c4 g6 3. Nc3 d5 4. cxd5 Nxd5 5. e4 Nxc3 6. bxc3 Bg7 7. Bc4 c5 8.
Ne2 O-O 9. O-O Nc6 10. Be3 Na5 11. Bd3 b6 12. Qd2 e5 13. Bh6 exd4 14. Bxg7 Kxg7
15. cxd4 cxd4 16. f4 Bg4 17. f5 Bxe2 18. f6+ Kh8 19. Qxe2 Nc6 20. Bc4 Rc8 21.
Rad1 Ne5 22. Bd5 d3 23. Qe3 Qd6 24. Qg5 Rc7 25. Kh1 Rfc8 26. Qh6 Qf8 27. Qf4 Qe8
28. h3 Rc3 29. Qg5 Nc4 30. Bxc4 R3xc4 31. e5 Re4 32. Rxd3 Rxe5 33. Qh6 Qf8 34.
Qd2 Rce8 35. Rd7 a5 36. Rb7 R5e6 37. Qd4 Rd6 38. Qb2 Ree6 39. Rc7 Kg8 40. Qc3
Rd8 41. Qf3 Qd6 42. Ra7 Qc6 43. Qf4 Rdd6 44. Rc1 Qe8 45. Re7 Rxe7 46. Qxd6 Re6
47. Qd4 h5 48. Rc7 Re1+ 49. Kh2 Re6 50. Qf4 Qb8 51. Kg1 Rc6 52. Qh6 Rxf6 53. Qc1
Kg7 54. Qc3 Qe8 55. Rc8 Qd7 56. a3 Qd1+ 57. Kh2 Qd6+ 58. Kg1 Qf4 59. Rc6 Qf2+
60. Kh2 h4 61. Rc4 Kh7 62. Rc8 Qf4+ 63. Kg1 b5 64. Re8 Qf2+ 65. Kh2 Qg3+ 66.
Qxg3 hxg3+ 67. Kxg3 Rb6 68. Re3 b4 69. axb4 Rxb4 70. Re7 Kg7 71. Ra7 a4 72. Ra6
g5 73. Kf3 f6 74. Ra7+ Kg6 75. g4 Rb3+ 76. Kg2 a3 77. Kh2 Rb2+ 78. Kg3 Rb3+ 79.
Kg2 Rb2+ 80. Kg3 a2 81. Kf3 Rc2 82. Kg3 Kh6 83. Kf3 1/2-1/2

[Event "7th HD Bank Cup 2017"]
[Site "Ho Chi Minh City VIE"]
[Date "2017.03.13"]
[Round "3.1"]
[White "Le, Tuan Minh"]
[Black "Le, Quang Liem"]
[Result "1/2-1/2"]
[WhiteTitle "IM"]
[BlackTitle "GM"]
[WhiteElo "2475"]
[BlackElo "2712"]
[WhiteFideId "12401153"]
[BlackFideId "12401137"]
[EventDate "2017.03.12"]

1. d4 Nf6 2. c4 e6 3. Nc3 Bb4 4. e3 O-O 5. Ne2 d5 6. a3 Bd6 7. Ng3 c6 8. Be2
Nbd7 9. O-O dxc4 10. Bxc4 e5 11. Ba2 Nb6 12. dxe5 Bxe5 13. Qc2 Re8 14. Nce2 Be6
15. Bxe6 Rxe6 16. f4 Bc7 17. e4 Nbd7 18. Kh1 Bb6 19. e5 Ng4 20. Nf5 Nf2+ 21. Kg1
Ng4+ 22. Kh1 Nf2+ 23. Kg1 Ng4+ 1/2-1/2

[Event "7th HD Bank Cup 2017"]
[Site "Ho Chi Minh City VIE"]
[Date "2017.03.13"]
[Round "3.21"]
[White "Abhishek, Kelkar"]
[Black "Torre, Eugenio"]
[Result "1/2-1/2"]
[WhiteTitle "IM"]
[BlackTitle "GM"]
[WhiteElo "2381"]
[BlackElo "2481"]
[WhiteFideId "5019257"]
[BlackFideId "5200016"]
[EventDate "2017.03.12"]

1. d4 d5 2. Nf3 Nf6 3. c4 dxc4 4. Nc3 a6 5. a4 Nc6 6. d5 Na5 7. e4 e6 8. Bg5 Be7
9. Bxf6 Bxf6 10. Be2 exd5 11. e5 Be7 12. Qxd5 Be6 13. Qe4 Bb4 14. O-O Bxc3 15.
bxc3 Qd5 16. Qe3 Nc6 17. Rad1 Qa5 18. Ng5 Qxe5 19. Nxe6 Qxe6 20. Qxe6+ fxe6 21.
Bxc4 Ke7 22. Rfe1 Nd8 23. Rd4 Rf8 24. Red1 Rf7 25. Rd7+ Ke8 26. Rxf7 Nxf7 27.
Bxe6 Nd6 28. f4 Ke7 29. Re1 Kf6 30. Bb3 Re8 31. Rxe8 Nxe8 1/2-1/2

[Event "7th HD Bank Cup 2017"]
[Site "Ho Chi Minh City VIE"]
[Date "2017.03.13"]
[Round "3.22"]
[White "Vo, Thi Kim Phung"]
[Black "Dao, Thien Hai"]
[Result "1/2-1/2"]
[WhiteTitle "WIM"]
[BlackTitle "GM"]
[WhiteElo "2220"]
[BlackElo "2478"]
[WhiteFideId "12401838"]
[BlackFideId "12400084"]
[EventDate "2017.03.12"]

1. d4 d5 2. Nf3 Nf6 3. g3 Bf5 4. Bg2 e6 5. O-O h6 6. c4 c6 7. Nbd2 Nbd7 8. b3
Bd6 9. Bb2 O-O 10. a3 Qb8 11. b4 a5 12. Qb3 b5 13. c5 Bc7 14. Bc3 Ne4 15. Nxe4
Bxe4 16. Nd2 Bxg2 17. Kxg2 f5 18. f4 Nf6 19. e3 Qe8 20. Rfb1 Ra7 21. Qd1 Ng4 22.
Nf1 a4 23. Be1 g5 24. Ra2 Bb8 25. Rbb2 Rg7 26. h3 Nxe3+ 27. Nxe3 gxf4 28. Nf1
fxg3 29. Qf3 f4 30. Re2 Qg6 31. Bc3 Qf5 32. Re1 Rg5 33. Rae2 Rf6 34. Nd2 Kf7 35.
Rf1 Ke7 36. Ree1 Rh5 37. Rh1 Qg6 38. Re2 Kd7 39. Rhe1 Bc7 40. Rh1 Rh4 41. Ree1
Rh5 42. Re2 Rh4 43. Ree1 1/2-1/2

[Event "7th HD Bank Cup 2017"]
[Site "Ho Chi Minh City VIE"]
[Date "2017.03.13"]
[Round "3.23"]
[White "Puranik, Abhimanyu"]
[Black "Pham, Chuong"]
[Result "0-1"]
[WhiteTitle "IM"]
[BlackTitle "FM"]
[WhiteElo "2477"]
[BlackElo "2377"]
[WhiteFideId "5061245"]
[BlackFideId "12401218"]
[EventDate "2017.03.12"]

1. e4 c5 2. Nf3 Nc6 3. d4 cxd4 4. Nxd4 g6 5. c4 Bg7 6. Be3 Nf6 7. Nc3 O-O 8. Be2
d6 9. O-O Bd7 10. f3 Rc8 11. Qd2 a6 12. Rac1 Nxd4 13. Bxd4 Be6 14. b3 Re8 15. f4
Rf8 16. Bf3 Ne8 17. Rfd1 Bxd4+ 18. Qxd4 Ng7 19. e5 Nf5 20. Qf2 b5 21. cxb5 axb5
22. g4 Ng7 23. exd6 b4 24. dxe7 Qxe7 25. Nd5 Bxd5 26. Bxd5 h5 27. h3 Rc3 28. Re1
Qd7 29. Rcd1 Rxh3 30. f5 gxf5 31. Bg2 Rd3 32. Rxd3 Qxd3 33. gxh5 Nxh5 34. Re5
Qd1+ 35. Kh2 Qd6 36. Qc5 Qh6 37. Kg1 Ng3 38. Qxb4 Rc8 39. Re1 Qg5 40. Qe7 Qg4
41. Qe3 Rc2 42. Qf3 Qd4+ 43. Qe3 Qg4 44. Qf3 Qh4 45. a4 Ne4 46. Rf1 Qg5 47. Rd1
Rf2 48. Qxf2 Nxf2 49. Kxf2 f4 50. Bd5 Qg3+ 51. Kf1 f3 52. Rd2 Qg5 0-1

[Event "7th HD Bank Cup 2017"]
[Site "Ho Chi Minh City VIE"]
[Date "2017.03.13"]
[Round "3.24"]
[White "Antonio, Rogelio Jr"]
[Black "Li, Ruofan"]
[Result "1/2-1/2"]
[WhiteTitle "GM"]
[BlackTitle "IM"]
[WhiteElo "2465"]
[BlackElo "2352"]
[WhiteFideId "5200032"]
[BlackFideId "8600643"]
[EventDate "2017.03.12"]

1. e4 e5 2. Nf3 Nc6 3. Bb5 a6 4. Ba4 Nf6 5. Bxc6 dxc6 6. d3 Nd7 7. b3 c5 8. Bb2
f6 9. Nbd2 Bd6 10. Nc4 Nb8 11. Nfd2 O-O 12. O-O Nc6 13. f4 exf4 14. Nxd6 cxd6
15. Rxf4 Be6 16. a3 a5 17. a4 b6 18. Qe2 d5 19. exd5 Bxd5 20. Qf2 Qd6 21. Ne4
Bxe4 22. Rxe4 Rae8 23. Rae1 Rxe4 24. Rxe4 Qd7 25. Qe2 h6 26. h3 f5 27. Re6 Kf7
28. Re3 Kg8 29. Kh1 f4 30. Re6 f3 31. gxf3 Kf7 32. Re4 Qxh3+ 33. Kg1 Qg3+ 34.
Kh1 Qh3+ 35. Kg1 Qg3+ 36. Kh1 Qh3+ 1/2-1/2

[Event "7th HD Bank Cup 2017"]
[Site "Ho Chi Minh City VIE"]
[Date "2017.03.13"]
[Round "3.25"]
[White "Nguyen, Thi Thanh An"]
[Black "Liu, Xiangyi"]
[Result "0-1"]
[WhiteTitle "WGM"]
[BlackTitle "FM"]
[WhiteElo "2283"]
[BlackElo "2443"]
[WhiteFideId "12400300"]
[BlackFideId "8605718"]
[EventDate "2017.03.12"]

1. d4 Nf6 2. c4 g6 3. g3 Bg7 4. Bg2 d5 5. cxd5 Nxd5 6. Nf3 O-O 7. O-O Nc6 8. Nc3
Nb6 9. e3 Re8 10. h3 a5 11. d5 Nb4 12. e4 c6 13. a3 Na6 14. Be3 cxd5 15. exd5
Bxc3 16. Bxb6 Qxb6 17. bxc3 Qc7 18. Qd2 Bd7 19. Rac1 Qd6 20. Qh6 Qf6 21. Rfd1
Nc5 22. Rd4 Rac8 23. Re1 Qg7 24. Qxg7+ Kxg7 25. Ne5 Red8 26. h4 Bb5 27. Rb1 Ba6
28. Nc4 Na4 29. Nb6 Nxb6 30. Rxb6 Rxc3 31. a4 Rd6 32. Rb1 e5 33. Rd2 Ra3 34. Re1
Kf6 35. Re4 Rd3 36. Rxd3 Bxd3 37. Re3 Bc2 38. Rf3+ Ke7 39. Re3 Kf6 40. Rf3+ Kg7
41. Re3 Bxa4 42. Rxe5 Bb3 43. Re7 b6 44. Rb7 a4 45. Ra7 b5 46. Ra5 b4 47. Rb5 a3
48. Rxb4 a2 49. Rxb3 a1=Q+ 50. Kh2 Rf6 51. f4 Ra6 52. Rf3 Ra2 53. g4 f5 54. gxf5
gxf5 55. Kh3 Qb2 56. Rg3+ Kf6 57. h5 Qd2 0-1

[Event "7th HD Bank Cup 2017"]
[Site "Ho Chi Minh City VIE"]
[Date "2017.03.13"]
[Round "3.26"]
[White "Liu, Guanchu"]
[Black "Wang, Jue"]
[Result "1/2-1/2"]
[WhiteTitle "IM"]
[BlackTitle "WGM"]
[WhiteElo "2441"]
[BlackElo "2338"]
[WhiteFideId "8603901"]
[BlackFideId "8604070"]
[EventDate "2017.03.12"]

1. e4 c5 2. Nf3 d6 3. Nc3 a6 4. a4 Nf6 5. e5 dxe5 6. Nxe5 Nbd7 7. Nc4 Nb6 8. Ne3
Nbd5 9. Ncxd5 Nxd5 10. b3 Nxe3 11. fxe3 e6 12. Bb2 Qg5 13. Qf3 Bd6 14. O-O-O Be5
15. Ba3 Bf6 16. h4 Qe5 17. d4 cxd4 18. exd4 Qc7 19. Bc4 Bd7 20. g4 h6 21. g5
hxg5 22. hxg5 Bxg5+ 23. Kb1 Rxh1 24. Rxh1 O-O-O 25. Qxf7 Bf6 26. Be7 Bxe7 27.
Qxe7 Kb8 28. Rh7 Bc8 29. Qxc7+ Kxc7 30. Rxg7+ Rd7 31. Rxd7+ Bxd7 32. Kb2 Kd6 33.
a5 e5 34. c3 exd4 35. cxd4 Bc8 36. Be2 b6 37. axb6 Kc6 38. Kc3 Kxb6 39. Kc4 a5
40. Kd5 Bf5 41. Bd1 Bh7 42. Kd6 Bg8 43. d5 Kb5 44. Ke5 Kc5 45. d6 Kc6 46. Bf3+
Kd7 47. Bg4+ Kd8 48. Be6 Bh7 49. Kd4 Bc2 50. Kc5 Bd1 51. Kd4 Bc2 52. Kc3 Bd1 53.
Kb2 Be2 54. Bc4 Bf3 55. Bb5 Bg4 1/2-1/2

[Event "7th HD Bank Cup 2017"]
[Site "Ho Chi Minh City VIE"]
[Date "2017.03.13"]
[Round "3.27"]
[White "Nguyen, Huynh Minh Huy"]
[Black "Kathmale, Sameer"]
[Result "1/2-1/2"]
[WhiteTitle "GM"]
[BlackTitle "IM"]
[WhiteElo "2428"]
[BlackElo "2323"]
[WhiteFideId "12401269"]
[BlackFideId "5024498"]
[EventDate "2017.03.12"]

1. d4 d5 2. c4 c6 3. Nc3 Nf6 4. e3 a6 5. Qc2 g6 6. Bd3 Bg7 7. Nf3 O-O 8. O-O
Nbd7 9. cxd5 Nxd5 10. Nxd5 cxd5 11. Bd2 e5 12. dxe5 Nxe5 13. Nxe5 Bxe5 14. Bc3
Qc7 15. Bxe5 Qxe5 16. Rac1 Be6 17. a3 Rac8 18. Qd2 Rxc1 19. Rxc1 Rc8 20. Rxc8+
Bxc8 21. f4 Qf6 22. Qb4 b6 23. Be2 a5 24. Qd2 Bf5 25. Qd4 Qxd4 26. exd4 h6 27.
g4 Be4 28. g5 f6 29. gxh6 Kh7 30. Bg4 Kxh6 31. Kf2 Kg7 32. Ke3 Kf7 33. h4 Kg7
34. Kd2 g5 35. hxg5 fxg5 36. Ke3 Kf6 1/2-1/2

[Event "7th HD Bank Cup 2017"]
[Site "Ho Chi Minh City VIE"]
[Date "2017.03.13"]
[Round "3.28"]
[White "Vo, Thanh Ninh"]
[Black "Kyaw Lin Naing"]
[Result "1-0"]
[WhiteTitle "IM"]
[BlackTitle "FM"]
[WhiteElo "2414"]
[BlackElo "2289"]
[WhiteFideId "12402141"]
[BlackFideId "13002953"]
[EventDate "2017.03.12"]

1. g3 Nf6 2. Bg2 c5 3. c4 e6 4. Nf3 Be7 5. O-O O-O 6. Nc3 Nc6 7. d4 cxd4 8. Nxd4
a6 9. Nxc6 dxc6 10. Qxd8 Rxd8 11. Bf4 a5 12. Na4 Ra6 13. Rfd1 Rxd1+ 14. Rxd1 b5
15. Nc5 1-0

[Event "7th HD Bank Cup 2017"]
[Site "Ho Chi Minh City VIE"]
[Date "2017.03.13"]
[Round "3.29"]
[White "Thilakarathne, G M H"]
[Black "Cao, Sang"]
[Result "0-1"]
[WhiteTitle "CM"]
[BlackTitle "GM"]
[WhiteElo "2213"]
[BlackElo "2406"]
[WhiteFideId "9912053"]
[BlackFideId "725056"]
[EventDate "2017.03.12"]

1. e4 e6 2. d4 d5 3. e5 c5 4. c3 Nc6 5. Nf3 Qb6 6. a3 c4 7. Nbd2 Na5 8. Be2 Bd7
9. O-O Ne7 10. Rb1 Qc7 11. Qc2 Nc8 12. b3 cxb3 13. Nxb3 Ba4 14. Nfd2 Nb6 15. Qb2
Nxb3 16. Nxb3 Rc8 17. Na5 Qd7 18. Bd3 Be7 19. f4 g6 20. Rf3 Rc7 21. Rh3 Kd8 22.
Bf1 Kc8 23. Qa2 Kb8 24. Kh1 h5 25. Bd2 Rhc8 26. Be1 Qe8 27. Be2 Ka8 28. Bf3 Bb5
29. Bd1 Ba6 30. a4 Nc4 31. Nxc4 Rxc4 32. Rf3 Qd8 33. Be2 Rxa4 34. Qxa4 Bxe2 35.
Rf2 Bd3 36. Ra1 a6 37. Rb2 Rc6 38. Qd1 Be4 39. Qb3 Qc7 40. Kg1 g5 41. fxg5 Bxg5
42. Qb4 Ka7 43. Kh1 h4 44. h3 f5 45. exf6 Bxf6 46. Qf8 Bg5 47. Qg8 Bf4 48. Qg4
Bg3 49. Bxg3 hxg3 50. Rf1 Rxc3 51. Qxe6 Rc1 52. Qf6 Bd3 0-1

[Event "7th HD Bank Cup 2017"]
[Site "Ho Chi Minh City VIE"]
[Date "2017.03.13"]
[Round "3.30"]
[White "Kavinda, Akila"]
[Black "Dimakiling, Oliver"]
[Result "1-0"]
[BlackTitle "IM"]
[WhiteElo "2084"]
[BlackElo "2405"]
[WhiteFideId "9901302"]
[BlackFideId "5202248"]
[EventDate "2017.03.12"]

1. d4 e6 2. Nf3 c5 3. e3 Nf6 4. c4 d5 5. cxd5 exd5 6. Bb5+ Bd7 7. Bxd7+ Nbxd7 8.
dxc5 Nxc5 9. O-O Be7 10. Nc3 O-O 11. b3 Qd7 12. Bb2 Rfd8 13. Ne2 a5 14. Rc1 Nfe4
15. Nf4 Bf8 16. Qe2 Ne6 17. Nxe6 Qxe6 18. Nd4 Qd7 19. Nb5 b6 20. Rc7 Qf5 21. Nd4
Qg6 22. Rc6 Rd6 23. Rfc1 Nc5 24. Rxd6 Bxd6 25. Nb5 Be7 26. Rd1 Rd8 27. Nc3 Qe6
28. Nb5 h6 29. h3 Ne4 30. Qg4 Bf8 31. Qxe6 fxe6 32. Rc1 Nc5 33. Bd4 g5 34. Kf1
Kf7 35. Ke2 Ke8 36. Be5 Kd7 37. Bc7 Rc8 38. Bxb6 Kc6 39. Bxc5 Kxb5 40. a4+ Ka6
41. Ba3 Rxc1 42. Bxc1 e5 43. Bb2 Bd6 44. Bc3 Kb6 45. Kd3 h5 46. f3 h4 47. Bd2
Be7 48. Be1 Bd6 49. Bc3 Ka6 50. Bd2 Be7 51. f4 gxf4 52. exf4 exf4 53. Kd4 Bg5
54. Be1 Kb6 55. Kxd5 Bd8 56. b4 axb4 57. Bxb4 Bc7 58. Bd6 Bd8 59. Ke4 Ka5 60.
Kxf4 Kxa4 61. Kg4 Kb5 62. Bf4 Kc6 63. Bg5 Bc7 64. Bxh4 Kd7 65. Kf5 Ke8 66. Kf6 1-0

[Event "7th HD Bank Cup 2017"]
[Site "Ho Chi Minh City VIE"]
[Date "2017.03.13"]
[Round "3.31"]
[White "Vignesh, N R"]
[Black "Zhou, Guijue"]
[Result "1-0"]
[WhiteTitle "IM"]
[BlackTitle "WIM"]
[WhiteElo "2405"]
[BlackElo "2220"]
[WhiteFideId "25012215"]
[BlackFideId "8602905"]
[EventDate "2017.03.12"]

1. d4 d5 2. c4 c6 3. Nf3 Nf6 4. e3 e6 5. b3 Be7 6. Bd3 O-O 7. Nbd2 b6 8. Bb2 Bb7
9. O-O Nbd7 10. Qe2 dxc4 11. Nxc4 c5 12. Rfd1 Qc7 13. Rac1 Rad8 14. Bb1 Qb8 15.
e4 cxd4 16. Nxd4 Rfe8 17. Nb5 Ba6 18. a4 Nc5 19. Be5 Qb7 20. Bxf6 Bxb5 21. axb5
gxf6 22. e5 fxe5 23. b4 Nb3 24. Qc2 Bg5 25. Qxh7+ Kf8 26. Nxe5 Nxc1 27. Qh8+ Ke7
28. Ng6+ fxg6 29. Qg7# 1-0

[Event "7th HD Bank Cup 2017"]
[Site "Ho Chi Minh City VIE"]
[Date "2017.03.13"]
[Round "3.33"]
[White "Ervan, Mohamad"]
[Black "Ning, Kaiyu"]
[Result "1-0"]
[WhiteTitle "FM"]
[WhiteElo "2401"]
[BlackElo "2022"]
[WhiteFideId "7102135"]
[BlackFideId "8614750"]
[EventDate "2017.03.12"]

1. e4 e6 2. d4 d5 3. Nd2 c5 4. exd5 Qxd5 5. Ngf3 cxd4 6. Bc4 Qd7 7. O-O Nc6 8.
Nb3 Nf6 9. Nbxd4 Nxd4 10. Nxd4 a6 11. b3 b5 12. Bd3 Bb7 13. Bb2 Qd5 14. Nf3 Bd6
15. Re1 Rd8 16. a4 Qh5 17. axb5 axb5 18. Ne5 Qg5 19. g3 Bc5 20. Bc1 Qh5 21. Qxh5
Nxh5 22. Bxb5+ Ke7 23. Bc6 f6 24. Bxb7 fxe5 25. Ba3 Bxa3 26. Rxa3 Rd2 27. Bf3
Nf6 28. Ra7+ Nd7 29. Bc6 Rc8 30. Bxd7 Rxd7 31. Rxd7+ Kxd7 32. c4 Rb8 33. Rb1 Rb4
34. Kf1 Kc6 35. Ke2 Rb7 36. Kd3 Rd7+ 37. Kc3 Rf7 38. Rb2 g5 39. Re2 Rf5 40. Kb4
g4 41. Ka4 Rh5 42. b4 Rxh2 43. Rxe5 Rxf2 44. Rxe6+ Kd7 45. Rh6 Rf7 46. Ka5 Kc8
47. c5 Ra7+ 48. Kb5 Rb7+ 49. Kc4 Rg7 50. b5 Kb7 51. Ra6 Kb8 52. c6 h5 53. b6 Rg6
54. c7+ Kb7 55. c8=Q+ Kxc8 56. b7+ 1-0

[Event "7th HD Bank Cup 2017"]
[Site "Ho Chi Minh City VIE"]
[Date "2017.03.13"]
[Round "3.35"]
[White "Xiang, Zeyu"]
[Black "Chen, Qi b"]
[Result "1/2-1/2"]
[WhiteElo "2411"]
[BlackElo "2328"]
[WhiteFideId "8608547"]
[BlackFideId "8614733"]
[EventDate "2017.03.12"]

1. d4 Nf6 2. c4 g6 3. Nc3 Bg7 4. e4 d6 5. h3 O-O 6. Nf3 c5 7. d5 e6 8. Bd3 exd5
9. exd5 Re8+ 10. Be3 Bh6 11. O-O Bxe3 12. fxe3 Qe7 13. e4 Nbd7 14. Qd2 Rf8 15.
Rae1 Ne5 16. Nxe5 Qxe5 17. Qf4 Ne8 18. Qxe5 dxe5 19. a3 Bd7 20. Kf2 h5 21. Ke3
Kg7 22. b4 Rc8 23. Rb1 Nd6 24. Rfc1 f5 25. h4 b6 26. a4 cxb4 27. Rxb4 Rc5 28.
Nb5 Bxb5 29. axb5 f4+ 30. Kf3 Rf7 31. Ra1 Kf6 32. Rba4 Nc8 33. Bf1 Rcc7 34. Rc1
Ke7 35. Rca1 Kd6 36. Ke2 Kc5 37. Kd3 Kd6 38. Ke2 Ke7 39. Kf3 Kd8 40. Ra6 1/2-1/2

[Event "7th HD Bank Cup 2017"]
[Site "Ho Chi Minh City VIE"]
[Date "2017.03.13"]
[Round "3.36"]
[White "Andyka, Pitra"]
[Black "Reyes, Narquingden"]
[Result "0-1"]
[WhiteTitle "FM"]
[BlackTitle "FM"]
[WhiteElo "2390"]
[BlackElo "2318"]
[WhiteFideId "7103255"]
[BlackFideId "5217334"]
[EventDate "2017.03.12"]

1. e4 c6 2. d4 d5 3. exd5 cxd5 4. c4 Nf6 5. Nc3 e6 6. c5 Be7 7. Qc2 O-O 8. Nf3
b6 9. b4 Nc6 10. a3 bxc5 11. bxc5 e5 12. dxe5 Ng4 13. Bb5 Ncxe5 14. Nxe5 Nxe5
15. O-O Bxc5 16. Bf4 Ng6 17. Bg3 Bb7 18. Rfd1 Rc8 19. Qb3 d4 20. Bc4 Qb6 21. Na4
Qxb3 22. Bxb3 Be7 23. Ra2 Rfd8 24. Rad2 h5 25. f4 Bxa3 26. f5 Ne7 27. Bh4 Rd7
28. Rf2 Bd5 29. Ba2 Nxf5 30. Bg5 Bxa2 31. Rxa2 Bf8 32. Rf2 g6 33. Nb2 a5 34. Nd3
Rc3 35. Nf4 Be7 36. h4 Rc5 37. Re1 Bxg5 38. hxg5 Ne3 39. Rd2 Nc4 40. Re8+ Kg7
41. Rd1 Rxg5 42. Rc1 d3 0-1

[Event "7th HD Bank Cup 2017"]
[Site "Ho Chi Minh City VIE"]
[Date "2017.03.13"]
[Round "3.37"]
[White "Dang, Hoang Son"]
[Black "Nguyen, Dang Hong Phuc"]
[Result "0-1"]
[WhiteTitle "FM"]
[BlackTitle "FM"]
[WhiteElo "2356"]
[BlackElo "2280"]
[WhiteFideId "12402435"]
[BlackFideId "12402761"]
[EventDate "2017.03.12"]

1. d4 Nf6 2. c4 e6 3. Nf3 b6 4. g3 Bb7 5. Bg2 Be7 6. O-O O-O 7. Nc3 Ne4 8. Bd2
f5 9. Qc2 Nxc3 10. Bxc3 d6 11. Ne1 Qc8 12. e4 Nd7 13. exf5 exf5 14. Qe2 Rf7 15.
Nd3 Bxg2 16. Kxg2 Qb7+ 17. f3 b5 18. Nf4 bxc4 19. Qxc4 Nb6 20. Qe6 Bg5 21. Nh3
Bf6 22. Qxf5 Bxd4 23. Qe6 Bxc3 24. bxc3 Qd5 25. Rae1 Qxe6 26. Rxe6 Rf5 27. Rfe1
Rc5 28. Nf4 Rxc3 29. Re7 g6 30. h4 Rf8 31. R1e2 Rf7 32. R7e6 Nd7 33. Re8+ Rf8
34. R8e7 Ne5 35. Rf2 Rf7 36. Re6 Nd3 37. Nd5 Rc5 38. Ne7+ Kf8 39. Rfe2 Ne5 40.
Nc8 Nxf3 41. Re8+ Kg7 42. Ne7 Ne5 43. Rg8+ Kf6 44. Nc8 a5 45. Kh3 h5 46. a4 Rc4
47. Ra2 Ke6 48. Na7 c6 49. Ra8 Rf1 50. Rd2 Ng4 51. Re2+ Kd5 52. Kg2 Rcc1 53.
Rd2+ Kc5 54. Ra2 Ne3+ 55. Kh3 Rh1+ 56. Rh2 Rxh2+ 57. Kxh2 Kb6 58. Nb5 Rc2+ 59.
Kh3 cxb5 60. Rb8+ Kc7 61. Rxb5 Rc5 62. Rb3 Ng4 63. Rb2 Ne5 64. Re2 Rc4 65. Ra2
Kc6 66. Ra1 Kc5 67. Ra2 d5 68. Ra1 d4 69. Re1 Kd5 70. Ra1 d3 71. Ra2 Rc2 0-1

[Event "7th HD Bank Cup 2017"]
[Site "Ho Chi Minh City VIE"]
[Date "2017.03.13"]
[Round "3.38"]
[White "Pham, Le Thao Nguyen"]
[Black "Nguyen, Van Thanh"]
[Result "1-0"]
[WhiteTitle "IM"]
[BlackTitle "CM"]
[WhiteElo "2351"]
[BlackElo "2238"]
[WhiteFideId "12401226"]
[BlackFideId "12402532"]
[EventDate "2017.03.12"]

1. d4 d5 2. Nf3 Nf6 3. Bf4 c5 4. e3 Nc6 5. Nbd2 Qb6 6. dxc5 Qxb2 7. Rb1 Qc3 8.
Bb5 e6 9. O-O Bxc5 10. Be5 Qa3 11. c4 O-O 12. Bxf6 gxf6 13. cxd5 exd5 14. Nb3
Rd8 15. Qc2 Bf8 16. Bxc6 bxc6 17. Qxc6 Bf5 18. Ra1 Bg6 19. Nbd4 Rab8 20. Nh4 Rb6
21. Qc7 Rdb8 22. Nhf5 Qd3 23. Rad1 Qc4 24. Qg3 Qxa2 25. h4 Kh8 26. Qf3 h5 27.
Ra1 Qc4 28. Rfc1 Qd3 29. Rxa7 Rb2 30. Rac7 Rb1 31. Kh2 Rxc1 32. Rxc1 Rd8 33. Rc6
Qb1 34. Rxf6 Qb8+ 35. Ng3 Bg7 36. Rxf7 Bxf7 37. Qxf7 Qd6 38. Ne6 Rd7 39. Qe8+
Kh7 40. Ng5+ Kh6 41. Qxh5# 1-0